Correctly Spelled Asian Countries - Sudden Death - Statistics

General Stats
  • This quiz has been taken 94 times
  • The average score is 15 of 24
Answers on the Grid
Answers color-coded by a green-red scale on the quiz's grid according to % correct below.
Afganistan
Armenia
Azerbaijan
Bahraine
Bangladesh
Brunie
Butan
Cambodia
China
Cyprus
East Tiemor
Georgea
India
Indonesia
Iran
Irak
Isreal
Japan
Jordan
Katar
Kazakastan
Kuwait
Kyrgystan
Laos
Lebanon
Malayshia
Maldeves
Mongolia
Myanmer
Nepal
North Koria
Oman
Packistan
Phillipines
Saudia Arabia
Singapore
South Koria
Sri Lanka
Siria
Thaiwan
Thailand
Taijikistan
Turkey
Turkmanistan
United Arab Emirates
Uzbekistan
Vietnom
Yemen
 
Answer Stats
Answer % Correct
Armenia
90%
China
89%
India
86%
Azerbaijan
83%
Bangladesh
81%
Cambodia
78%
Iran
75%
Japan
73%
Indonesia
71%
Jordan
70%
Cyprus
68%
Kuwait
62%
Laos
59%
Nepal
57%
Lebanon
56%
Mongolia
52%
Oman
52%
Singapore
52%
Thailand
52%
United Arab Emirates
48%
Yemen
46%
Sri Lanka
44%
Uzbekistan
44%
Turkey
40%
No matching quizzes found
Score Distribution
Percent of People with Each Score
Percentile by Number Answered
Your Score History
You have not taken this quiz